Géographie du Canada. - Statistiques

Statistiques générales
  • Ce quiz a été pris 933 fois
    173 depuis la dernière actualisation
  • Le résultat moyen est 11 sur 18
Statistiques - réponses
Questions Réponses % Correct
Avec quels pays le Canada partage-t-il ses deux frontières? États-Unis
99%
Dans quelle province se trouvent la ville de Montréal? Québec
93%
Océan {Pacifique}
92%
Quels océan bordent le Canada? Océan {Atlantique}
91%
Quelle est la capitale du Canada? Ottawa
87%
Quelle est la plus grande ville canadienne? Toronto
83%
Océan {Glacial Arctique}
81%
Danemark
79%
Combien de territoires/provinces contient le Canada? 13
69%
Saint Laurent
66%
Quelle baie, une des plus grande du monde, est quasiment encerclé par le Canada? Baie d'{Hudson}
60%
Quelle province est la dernière à être entrée dans la confédération du Canada? Terre-Neuve-et-Labrador
55%
Quel est le plus grand territoire ou province du Canada? Nunavut
53%
Quel est le plus grand lac du Canada? Grand lac de l'{Ours}
23%
Quelles mers le bordent? Mer du {Labrador}
23%
Quel est le point culminant du Canada? Mont {Logan}
15%
Quels sont les deux plus grands fleuves du Canada? Mackenzie
13%
Mer de {Beaufort}
7%
Aucun quiz correspondant
Distribution des résultats
% des personnes avec chaque résultat
Percentile par nombre de réponses
Votre historique - résultats
Vous n’avez pas pris ce quiz depuis la dernière actualisation